| 000 | 00550nam a2200193 i 4500 | ||
|---|---|---|---|
| 001 | 90554 | ||
| 003 | ES-MaACL | ||
| 005 | 20260215175250.0 | ||
| 007 | t| | ||
| 008 | 050121s1966 an ||||1| spa d | ||
| 100 | 1 |
_aLecarme, Pierre. _971050 |
|
| 245 | 1 | 0 |
_aHipócrita lector / _cPierre Lecarme ; [traduit per A. Tomás]. |
| 250 | _a[1ª ed.]. | ||
| 260 |
_aAndorra : _bCasal y Vall, _c[1966] |
||
| 300 |
_a176 p. ; _c19 cm. |
||
| 700 | 0 |
_aTomas, Alberto, _c(O.S.B.) _9110496 |
|
| 852 |
_aES-MaACL _jC-31011 _bR.61631 |
||
| 999 |
_c90554 _d90554 |
||